Educación y exclusión en América Latina: reformas en tiempos de globalización
Guardat en:
| Autor principal: | |
|---|---|
| Format: | Llibre |
| Idioma: | espanyol |
| Publicat: |
Madrid
Miño y Dávila
1999
|
| Col·lecció: | Colección Educación, Crítica y Debate
|
| Matèries: | |
| Etiquetes: |
Afegir etiqueta
Sense etiquetes, Sigues el primer a etiquetar aquest registre!
|
MARC
| LEADER | 00000nam a2200000 a 4500 | ||
|---|---|---|---|
| 001 | UCN1789 | ||
| 003 | CL-VaPUC | ||
| 008 | 010504e19990000SP |||||||||||||||||spa|d | ||
| 082 | 0 | 4 | |a 370.19 |b RIV |2 21 |
| 100 | 0 | |a Rivero, José |e author |9 457123 | |
| 245 | 1 | 0 | |a Educación y exclusión en América Latina: reformas en tiempos de globalización |
| 300 | |a 484 p | ||
| 942 | |c BK | ||
| 945 | |d 20010504 00:00:00 |a cmena | ||
| 260 | |a Madrid |b Miño y Dávila |c 1999 | ||
| 650 | 0 | |a Sociología de la educación |9 260380 | |
| 650 | 0 | |a Globalización |9 361930 | |
| 650 | 0 | |a Problemas sociales |9 258537 | |
| 650 | 0 | |a Igualdad de oportunidades |9 331873 | |
| 650 | 0 | |a Calidad de la educación |9 307271 | |
| 583 | |a last modification |c 20010504 00:00:00 |k Rodrigo Vera | ||
| 490 | 0 | |a Colección Educación, Crítica y Debate | |
| 999 | |c 295014 |d 295012 | ||
| 952 | |0 0 |1 0 |4 0 |6 370_190000000000000_RIV_1999 |7 0 |8 A |9 347852 |a BIBEDU |b BIBEDU |d 2019-11-20 |i 3717178 |o 370.19 RIV 1999 |p 3717178 |r 2019-11-20 |w 2019-11-20 |y BK |k BME | ||